Feedback control of dynamic systems
Feedback Control of Dynamic Systems covers the material that every engineer, and most scientists and prospective managers, needs to know about feedback control–including concepts like stability, tracking, and robustness. Each chapter presents the fundamentals along with comprehensive, worked-out exa...
Na minha lista:
| Autor principal: | |
|---|---|
| Formato: | Livro |
| Idioma: | Undetermined |
| Publicado em: |
Harlow
Pearson Education Limited
2015
|
| Assuntos: | |
| Tags: |
Adicionar Tag
Sem tags, seja o primeiro a adicionar uma tag!
|
| Thư viện lưu trữ: | Trung tâm Học liệu Trường Đại học Cần Thơ |
|---|
| LEADER | 01135nam a2200205Ia 4500 | ||
|---|---|---|---|
| 001 | CTU_228080 | ||
| 008 | 210402s9999 xx 000 0 und d | ||
| 020 | |c 810000 | ||
| 082 | |a 629.83 | ||
| 082 | |b F831 | ||
| 100 | |a Franklin, Gene F. | ||
| 245 | 0 | |a Feedback control of dynamic systems | |
| 245 | 0 | |c Gene F. Franklin, J. David Powell, Abbas Emami-Naeini ; Gobal edition contributions by Sanjay H. S. | |
| 260 | |a Harlow | ||
| 260 | |b Pearson Education Limited | ||
| 260 | |c 2015 | ||
| 520 | |a Feedback Control of Dynamic Systems covers the material that every engineer, and most scientists and prospective managers, needs to know about feedback control–including concepts like stability, tracking, and robustness. Each chapter presents the fundamentals along with comprehensive, worked-out examples, all within a real-world context and with historical background information. The authors also provide case studies with close integration of MATLAB throughout. | ||
| 650 | |a Hệ thống kiểm soát phản hồi,Feedback control systems | ||
| 910 | |b nthai | ||
| 980 | |a Trung tâm Học liệu Trường Đại học Cần Thơ | ||